Reforming or replacing the public distribution system with cash transfer? (Record no. 95218)

000 -LEADER
fixed length control field 01295pab a2200169 454500
008 - FIXED-LENGTH DATA ELEMENTS--GENERAL INFORMATION
fixed length control field 180718b2012 xxu||||| |||| 00| 0 eng d
100 ## - MAIN ENTRY--PERSONAL NAME
Personal name Svedberg, Peter
245 ## - TITLE STATEMENT
Title Reforming or replacing the public distribution system with cash transfer?
260 ## - PUBLICATION, DISTRIBUTION, ETC.
Date of publication, distribution, etc. 2012
300 ## - PHYSICAL DESCRIPTION
Extent p.53-62.
362 ## - DATES OF PUBLICATION AND/OR SEQUENTIAL DESIGNATION
Dates of publication and/or sequential designation 18 Feb
520 ## - SUMMARY, ETC.
Summary, etc. The targeted public distribution system, intended to provide subsidised food to poor households, is the largest welfare programme in India, with a budget corresponding to about 1% of the net national product. Several studies have found the system to be inefficient and costly in assisting the poor. This paper analyses the case for, and against, replacing a reformed version of this system with a targeted and differentiated cash transfer scheme. Such a scheme could cover about two-thirds of households, and make far larger transfers to the poorest compared to the actual subsidy embedded in the current system, eliminating the risk of large exclusion errors. Further, the overall budget can be held at the present outlay level. It is argued that most of the objections to such a transfer scheme can be circumvented at the design stage. - Reproduced.
650 ## - SUBJECT ADDED ENTRY--TOPICAL TERM
Topical term or geographic name entry element Public distribution system
773 ## - HOST ITEM ENTRY
Main entry heading Economic and Political Weekly
908 ## - PUT COMMAND PARAMETER (RLIN)
Put command parameter N
909 ## -
-- 95218
Holdings
Withdrawn status Lost status Damaged status Not for loan Permanent Location Current Location Date acquired Serial Enumeration / chronology Barcode Date last seen Price effective from Koha item type
        Indian Institute of Public Administration Indian Institute of Public Administration 2018-07-19 Volume no: 47, Issue no: 7 AR95678 2018-07-19 2018-07-19 Articles

Powered by Koha